[Event "16. Copenhagen Open"]
[Site "Copenhagen"]
[Date "1994.??.??"]
[Round "8"]
[White "Bator, Robert"]
[Black "Holst, Allan"]
[Result "1-0"]
[WhiteElo "2410"]
[BlackElo "2340"]
[PlyCount "75"]
[EventDate "1994.??.??"]
[EventType "swiss"]
[EventRounds "10"]
[EventCountry "DEN"]
[SourceDate "2004.01.01"]

1. d4 Nf6 2. g3 d5 3. Bg2 Bf5 4. c4 e6 5. Qb3 Nc6 6. Nf3 Bb4+ 7. Nc3 dxc4 8.
Qxc4 Qd5 9. Qxd5 Nxd5 10. Bd2 Bxc3 11. bxc3 Be4 12. O-O Nb6 13. Bf4 O-O-O 14.
Rfc1 Rhe8 15. g4 f6 16. Bg3 h6 17. e3 Nc4 18. h4 g5 19. hxg5 hxg5 20. Ne1 Bxg2
21. Kxg2 Ne7 22. Nd3 Nd5 23. Rab1 b6 24. e4 Ne7 25. Rb4 Nd6 26. e5 Ne4 27. exf6
Nxf6 28. Ne5 Rd5 29. f3 Kb7 30. Rh1 Ra5 31. Rb2 Ra3 32. c4 Rc8 33. Rh6 Neg8 34.
Rg6 c5 35. dxc5 Rxc5 36. Rxg5 Rca5 37. Rg7+ Kc8 38. Nc6 1-0

[Event "16. Copenhagen Open"]
[Site "Copenhagen"]
[Date "1994.??.??"]
[Round "8"]
[White "Berg, Klaus"]
[Black "Molvig, Henrik"]
[Result "1-0"]
[WhiteElo "2440"]
[BlackElo "2240"]
[PlyCount "63"]
[EventDate "1994.??.??"]
[EventType "swiss"]
[EventRounds "10"]
[EventCountry "DEN"]
[SourceDate "2004.01.01"]

1. e4 c6 2. d4 d5 3. exd5 cxd5 4. c4 Nf6 5. Nc3 g6 6. Qb3 Bg7 7. cxd5 O-O 8.
Be2 Nbd7 9. Bf3 Nb6 10. Bg5 Bg4 11. Bxf6 Bxf3 12. Nxf3 Bxf6 13. a4 a5 14. O-O
Qd6 15. Ra3 Rfd8 16. Ne4 Qb4 17. d6 Nc4 18. Qxb4 axb4 19. Rb3 Rxa4 20. Nc5 Ra2
21. dxe7 Bxe7 22. Rxb4 Nxb2 23. Rxb7 Bxc5 24. dxc5 Rc8 25. Ne5 Rxc5 26. Nxf7
Nd3 27. Rd1 Rcc2 28. g4 Rab2 29. Nh6+ Kh8 30. Rxb2 Nxb2 31. Rd8+ Kg7 32. g5 1-0

[Event "16. Copenhagen Open"]
[Site "Copenhagen"]
[Date "1994.??.??"]
[Round "8"]
[White "Bjerring, Kai"]
[Black "Sylvan, Jacob"]
[Result "1-0"]
[WhiteElo "2345"]
[BlackElo "2185"]
[PlyCount "75"]
[EventDate "1994.??.??"]
[EventType "swiss"]
[EventRounds "10"]
[EventCountry "DEN"]
[SourceDate "2004.01.01"]

1. e4 e5 2. Nf3 Nc6 3. d4 exd4 4. Nxd4 Nf6 5. Nc3 Bb4 6. Nxc6 bxc6 7. Bd3 d5 8.
exd5 Qe7+ 9. Qe2 Qxe2+ 10. Kxe2 cxd5 11. Nb5 Kd7 12. Bf4 Nh5 13. Be3 Re8 14.
Bf5+ Kd8 15. Bxc8 Kxc8 16. Kf3 a6 17. Nd4 Kb7 18. a3 Bd6 19. c4 dxc4 20. Rhc1
Re5 21. Rxc4 Rae8 22. Rac1 c5 23. Nb3 Rf5+ 24. Kg4 Ree5 25. Kh3 Kb6 26. R1c3
Rd5 27. g3 h6 28. Nxc5 Bxc5 29. Rxc5 Rxc5 30. b4 Nf6 31. Bxc5+ Kb5 32. Bd4 Ne4
33. Rc2 g6 34. Kg2 h5 35. Be3 Nd6 36. h3 Re5 37. Bc5 Rf5 38. a4+ 1-0

[Event "16. Copenhagen Open"]
[Site "Copenhagen"]
[Date "1994.??.??"]
[Round "8"]
[White "Bogdanov, Dimitri"]
[Black "Pedersen, Bjarne"]
[Result "1/2-1/2"]
[WhiteElo "2090"]
[BlackElo "2250"]
[PlyCount "30"]
[EventDate "1994.??.??"]
[EventType "swiss"]
[EventRounds "10"]
[EventCountry "DEN"]
[SourceDate "2004.01.01"]

1. e4 c5 2. Nc3 e6 3. f4 d5 4. Nf3 dxe4 5. Nxe4 Be7 6. Bb5+ Bd7 7. Qe2 a6 8.
Bxd7+ Nxd7 9. f5 e5 10. O-O Ngf6 11. d3 h6 12. Bd2 Qc7 13. Bc3 Nd5 14. Rae1
O-O-O 15. Bd2 Rde8 1/2-1/2

[Event "16. Copenhagen Open"]
[Site "Copenhagen"]
[Date "1994.??.??"]
[Round "8"]
[White "Bogdanovich, Grigory"]
[Black "Christensen, Bo Garner"]
[Result "1-0"]
[WhiteElo "2385"]
[BlackElo "2225"]
[PlyCount "109"]
[EventDate "1994.??.??"]
[EventType "swiss"]
[EventRounds "10"]
[EventCountry "DEN"]
[SourceDate "2004.01.01"]

1. d4 d5 2. Nf3 c6 3. e3 Nf6 4. Be2 Bf5 5. Ne5 e6 6. g4 Be4 7. f3 Bg6 8. h4 Be7
9. h5 Nxh5 10. gxh5 Bh4+ 11. Kf1 Bxh5 12. f4 Bxe2+ 13. Qxe2 Be7 14. Nd2 Nd7 15.
Ndf3 f6 16. Ng6 Rg8 17. Rxh7 Nf8 18. Nxf8 Bxf8 19. Nh4 Qb6 20. Qh5+ g6 21. Qg4
c5 22. f5 O-O-O 23. fxe6 f5 24. Nxf5 Kb8 25. e7 Re8 26. dxc5 Qxc5 27. Nd4 Bxe7
28. Bd2 Bf6 29. Qd7 Re7 30. Rxe7 Bxe7 31. Kg2 Rd8 32. Qe6 a6 33. b4 Qc7 34. Rh1
Rd6 35. Rh8+ Bd8 36. Qe8 Qc8 37. Be1 Ka7 38. Bg3 Qg4 39. a4 Rd7 40. Qe6 Qxe6
41. Nxe6 Bf6 42. Rf8 Bc3 43. a5 b6 44. axb6+ Kxb6 45. Rb8+ Rb7 46. Rxb7+ Kxb7
47. Nc5+ Ka7 48. Nd3 Kb6 49. Kf1 Kb5 50. Bd6 a5 51. bxa5 Bxa5 52. Ke2 Bd8 53.
Be5 Kc6 54. Bd4 Kd6 55. Ne5 1-0

[Event "16. Copenhagen Open"]
[Site "Copenhagen"]
[Date "1994.??.??"]
[Round "8"]
[White "Brinck Claussen, Bjorn"]
[Black "Nielsen, Soren Holst"]
[Result "1-0"]
[WhiteElo "2350"]
[BlackElo "2225"]
[PlyCount "57"]
[EventDate "1994.??.??"]
[EventType "swiss"]
[EventRounds "10"]
[EventCountry "DEN"]
[SourceDate "2004.01.01"]

1. e4 d5 2. exd5 Qxd5 3. Nc3 Qa5 4. d4 Nf6 5. Bd2 c6 6. Bc4 Bf5 7. Nd5 Qd8 8.
Nxf6+ exf6 9. c3 Bd6 10. Qe2+ Qe7 11. Qxe7+ Bxe7 12. Ne2 b5 13. Bb3 Nd7 14. O-O
a5 15. Rfe1 a4 16. Ng3 Bg6 17. Bd1 a3 18. b3 Kd8 19. Bf3 Ra6 20. Bf4 Nf8 21. d5
c5 22. d6 Bxd6 23. Rad1 Kd7 24. Be2 c4 25. bxc4 bxc4 26. Bxc4 Ne6 27. Rxe6 fxe6
28. Bxa6 e5 29. Be3 1-0

[Event "16. Copenhagen Open"]
[Site "Copenhagen"]
[Date "1994.??.??"]
[Round "8"]
[White "Brodsky, Michail"]
[Black "Maksimenko, Andrei"]
[Result "1-0"]
[WhiteElo "2500"]
[BlackElo "2475"]
[PlyCount "107"]
[EventDate "1994.??.??"]
[EventType "swiss"]
[EventRounds "10"]
[EventCountry "DEN"]
[SourceDate "2004.01.01"]

1. e4 e5 2. Nf3 Nf6 3. Nxe5 d6 4. Nf3 Nxe4 5. d4 d5 6. Bd3 Bd6 7. O-O O-O 8. c4
c6 9. Re1 Bf5 10. Qc2 Bg6 11. c5 Bc7 12. Nc3 f5 13. Ne2 Nd7 14. Bf4 Bh5 15.
Bxc7 Qxc7 16. Nd2 Bxe2 17. Rxe2 Rae8 18. Nb3 g6 19. Rae1 Kf7 20. Qc1 Nef6 21.
Nd2 Rxe2 22. Bxe2 Re8 23. Nf3 Kg7 24. b4 h6 25. Bf1 Ne4 26. Re2 a5 27. a3 axb4
28. axb4 Ndf6 29. Ra2 Ng4 30. h3 Ngf6 31. b5 cxb5 32. Bxb5 Re7 33. Ra7 Qb8 34.
Qa3 Kh7 35. Ne5 Rg7 36. Ra8 Qc7 37. Rf8 Qe7 38. Qa8 Ng8 39. Qd8 Qxd8 40. Rxd8
Nc3 41. Bd3 h5 42. Rd6 Ne7 43. Rb6 Nc8 44. Rb3 Ne4 45. g4 Kh6 46. Bb5 Nf6 47.
gxf5 gxf5+ 48. Kh2 h4 49. Ba4 Kh5 50. Rb1 Kh6 51. Nf3 Kh5 52. Re1 Re7 53. Ne5
Kg5 54. Rg1+ 1-0

[Event "16. Copenhagen Open"]
[Site "Copenhagen"]
[Date "1994.??.??"]
[Round "8"]
[White "Fant, Goran"]
[Black "Gasseholm, Finn"]
[Result "1-0"]
[WhiteElo "2010"]
[BlackElo "2140"]
[PlyCount "87"]
[EventDate "1994.??.??"]
[EventType "swiss"]
[EventRounds "10"]
[EventCountry "DEN"]
[SourceDate "2004.01.01"]

1. d4 Nf6 2. c4 g6 3. Nc3 Bg7 4. e4 d6 5. Nf3 O-O 6. Be2 c5 7. d5 e6 8. Bg5 h6
9. Bh4 exd5 10. cxd5 Qa5 11. O-O Re8 12. Nd2 Qb4 13. Qc2 b5 14. a3 Qa5 15. Bxb5
Rd8 16. Nc4 Qc7 17. Rfe1 a6 18. Ba4 Nbd7 19. Bxd7 Bxd7 20. Nxd6 Qxd6 21. e5 Qb6
22. Bxf6 Bxf6 23. exf6 Bf5 24. Qd2 Kh7 25. Re3 Qxf6 26. Rf3 Kg7 27. Rd1 Qh4 28.
Rf4 Qh5 29. g3 Bg4 30. f3 Bxf3 31. Rf1 Bxd5 32. Nxd5 Rxd5 33. Rxf7+ Kg8 34. Qc3
Rd4 35. b4 Rc8 36. bxc5 Qd5 37. c6 Qc4 38. Qf3 Qc5 39. Kh1 Rc4 40. Rf6 Kg7 41.
Qd3 Kh8 42. Rxg6 Qh5 43. Qd6 R4xc6 44. Qd4+ 1-0

[Event "16. Copenhagen Open"]
[Site "Copenhagen"]
[Date "1994.??.??"]
[Round "8"]
[White "Flaata, Alexander"]
[Black "Mortensen, Beatrix"]
[Result "1/2-1/2"]
[WhiteElo "1900"]
[BlackElo "2100"]
[PlyCount "53"]
[EventDate "1994.??.??"]
[EventType "swiss"]
[EventRounds "10"]
[EventCountry "DEN"]
[SourceDate "2004.01.01"]

1. e4 c5 2. Nf3 d6 3. d4 cxd4 4. Nxd4 Nf6 5. Nc3 g6 6. Be3 Bg7 7. f3 Nc6 8. Qd2
O-O 9. O-O-O Nxd4 10. Bxd4 Be6 11. g4 Qc7 12. g5 Nh5 13. Bxg7 Nxg7 14. Be2 Rac8
15. f4 Qa5 16. Kb1 Rc5 17. Nd5 Qa4 18. Nxe7+ Kh8 19. Nd5 Qxe4 20. Nc3 Qb4 21.
Qxd6 Rfc8 22. Qe7 Qa5 23. Rd3 Bc4 24. Rd7 Be6 25. Rd3 Bc4 26. Rd7 Be6 27. Rd3
1/2-1/2

[Event "16. Copenhagen Open"]
[Site "Copenhagen"]
[Date "1994.??.??"]
[Round "8"]
[White "Grabow, Pouelsten Holm"]
[Black "Pioch, Thomas"]
[Result "1/2-1/2"]
[WhiteElo "2285"]
[BlackElo "2165"]
[PlyCount "25"]
[EventDate "1994.??.??"]
[EventType "swiss"]
[EventRounds "10"]
[EventCountry "DEN"]
[SourceDate "2004.01.01"]

1. c4 e5 2. g3 Nc6 3. Bg2 g6 4. Nc3 Bg7 5. d3 Nge7 6. e3 d6 7. Nge2 h5 8. h4
Bg4 9. Rb1 O-O 10. b4 a6 11. O-O Qd7 12. Kh2 Kh8 13. Nd5 1/2-1/2

[Event "16. Copenhagen Open"]
[Site "Copenhagen"]
[Date "1994.??.??"]
[Round "8"]
[White "Hansen, Lars Bo"]
[Black "Sobjerg, Erik"]
[Result "1-0"]
[WhiteElo "2545"]
[BlackElo "2265"]
[PlyCount "75"]
[EventDate "1994.??.??"]
[EventType "swiss"]
[EventRounds "10"]
[EventCountry "DEN"]
[SourceDate "2004.01.01"]

1. d4 Nf6 2. Nf3 c5 3. e3 g6 4. c4 Bg7 5. Nc3 O-O 6. Be2 d6 7. O-O Bg4 8. b3
Nc6 9. Bb2 cxd4 10. Nxd4 Bxe2 11. Ndxe2 Qa5 12. Rb1 a6 13. Nf4 Rfc8 14. Ncd5
Nxd5 15. Nxd5 Qd8 16. Qe2 b5 17. Bxg7 Kxg7 18. Rbc1 Rab8 19. Rfd1 Ne5 20. f4
Nd7 21. cxb5 Rxc1 22. Qb2+ Kg8 23. Rxc1 Nc5 24. Qd4 axb5 25. b4 Ne6 26. Qa7 Ra8
27. Qxa8 Qxa8 28. Rc8+ Qxc8 29. Nxe7+ Kf8 30. Nxc8 d5 31. Na7 d4 32. Nxb5 dxe3
33. g3 Ke7 34. Kf1 Kd7 35. Ke2 Kc6 36. a4 Kd5 37. Kd3 e2 38. Nc3+ 1-0

[Event "16. Copenhagen Open"]
[Site "Copenhagen"]
[Date "1994.??.??"]
[Round "8"]
[White "Holstein, Erik"]
[Black "Aagaard, Jacob"]
[Result "1-0"]
[WhiteElo "2130"]
[BlackElo "2260"]
[PlyCount "75"]
[EventDate "1994.??.??"]
[EventType "swiss"]
[EventRounds "10"]
[EventCountry "DEN"]
[SourceDate "2004.01.01"]

1. e4 e5 2. Nf3 Nc6 3. Nc3 Nf6 4. d4 exd4 5. Nxd4 Bb4 6. Nxc6 bxc6 7. Bd3 d5 8.
exd5 cxd5 9. O-O O-O 10. Bg5 c6 11. h3 h6 12. Bh4 Bd6 13. Ne2 Rb8 14. Rb1 Re8
15. c3 c5 16. Bg3 Ne4 17. Bxe4 Bxg3 18. Bxd5 Bc7 19. Ng3 Rb6 20. c4 Qf6 21. b3
Be5 22. Re1 Rd8 23. Qh5 Bd4 24. Qf3 Ra6 25. Re2 Qg6 26. Rbe1 Be6 27. Bxe6 Rxe6
28. Nf5 Rxe2 29. Rxe2 Kh7 30. Ne7 Qb1+ 31. Kh2 f6 32. Nc6 Rd6 33. Nxd4 Rxd4 34.
Re7 Rd1 35. Qxf6 Rh1+ 36. Kg3 Qd3+ 37. Kh4 Qd4+ 38. Qxd4 1-0

[Event "16. Copenhagen Open"]
[Site "Copenhagen"]
[Date "1994.??.??"]
[Round "8"]
[White "Hvenekilde, Jorgen"]
[Black "Andersen, Martin"]
[Result "1/2-1/2"]
[WhiteElo "2320"]
[BlackElo "2030"]
[PlyCount "50"]
[EventDate "1994.??.??"]
[EventType "swiss"]
[EventRounds "10"]
[EventCountry "DEN"]
[SourceDate "2004.01.01"]

1. d4 f5 2. e4 fxe4 3. Nc3 Nf6 4. f3 d5 5. Bg5 Bf5 6. g4 Bg6 7. Bg2 Nc6 8. Nge2
Qd7 9. Nf4 O-O-O 10. Nxg6 hxg6 11. fxe4 dxe4 12. d5 Nb4 13. Bxf6 exf6 14. Bxe4
f5 15. a3 Na6 16. Bf3 Re8+ 17. Kd2 Bd6 18. Kc1 Rxh2 19. Rxh2 Bxh2 20. Kb1 Be5
21. Qd3 Kb8 22. Ka2 Nc5 23. Qc4 Bxc3 24. Qxc5 Bf6 25. Rd1 Qd6 1/2-1/2

[Event "16. Copenhagen Open"]
[Site "Copenhagen"]
[Date "1994.??.??"]
[Round "8"]
[White "Jurgens, Peter"]
[Black "Jakobsen, Ole"]
[Result "0-1"]
[WhiteElo "2235"]
[BlackElo "2375"]
[PlyCount "118"]
[EventDate "1994.??.??"]
[EventType "swiss"]
[EventRounds "10"]
[EventCountry "DEN"]
[SourceDate "2004.01.01"]

1. d4 Nf6 2. Nf3 g6 3. Bg5 Bg7 4. Nbd2 d5 5. e3 O-O 6. c3 Nbd7 7. Be2 Re8 8. b4
e5 9. O-O e4 10. Ne1 h6 11. Bh4 Qe7 12. Qb3 a5 13. b5 c5 14. bxc6 bxc6 15. c4
a4 16. Qc3 Ba6 17. Nc2 c5 18. Qa3 Rec8 19. Rac1 g5 20. Bg3 Nb6 21. dxc5 Qxc5
22. Qxc5 Rxc5 23. Nb4 Bxc4 24. Nxd5 Nfxd5 25. Nxc4 Nxc4 26. Rxc4 Rxc4 27. Bxc4
Nc3 28. a3 Rc8 29. Ba6 Rc6 30. Bb7 Rb6 31. Ba8 Rb3 32. Bd6 Bf8 33. Be5 Rxa3 34.
Bxc3 Rxc3 35. g4 Rc4 36. Bd5 Rc5 37. Bxe4 a3 38. Ra1 Ra5 39. Ra2 Bg7 40. Kg2
Bb2 41. Kg3 Kf8 42. h4 Ke7 43. hxg5 hxg5 44. f4 Kf6 45. Kf3 Rc5 46. Ke2 Ke7 47.
Kd3 Kd6 48. Bh7 f6 49. Ke4 Kc6 50. Bg8 Kb5 51. Kd3 Kb4 52. Bf7 Rc7 53. Bg8 Re7
54. Kd2 Rd7+ 55. Ke2 Rg7 56. Be6 Re7 57. f5 Kc3 58. Bg8 Re4 59. Kf3 Kd3 0-1

[Event "16. Copenhagen Open"]
[Site "Copenhagen"]
[Date "1994.??.??"]
[Round "8"]
[White "Mortensen, Henrik"]
[Black "Andersen, Ole Bo"]
[Result "1/2-1/2"]
[WhiteElo "2150"]
[BlackElo "2225"]
[PlyCount "119"]
[EventDate "1994.??.??"]
[EventType "swiss"]
[EventRounds "10"]
[EventCountry "DEN"]
[SourceDate "2004.01.01"]

1. e4 Nf6 2. e5 Nd5 3. Nf3 d6 4. Bc4 Nb6 5. Bb3 Nc6 6. exd6 exd6 7. h3 Be7 8.
O-O O-O 9. d4 Bf5 10. c3 Bf6 11. Bf4 Re8 12. Nbd2 Qd7 13. Re1 Rxe1+ 14. Qxe1 a5
15. Ne4 Bxe4 16. Qxe4 Re8 17. Qd3 a4 18. Bc2 g6 19. b3 axb3 20. axb3 Nd5 21.
Bd2 Nde7 22. b4 d5 23. b5 Nd8 24. Bf4 Nf5 25. Ne5 Bxe5 26. Bxe5 Nd6 27. Bxd6
Qxd6 28. Bb3 Ne6 29. Re1 Ra8 30. g3 c6 31. bxc6 bxc6 32. Kg2 Ng5 33. Qe3 Ne6
34. Qd3 Ra3 35. Bc2 Nc7 36. Rb1 Nb5 37. Rb3 Ra1 38. Qe3 Qe6 39. Bd3 Qxe3 40.
fxe3 Ra3 41. Rxa3 Nxa3 42. Kf3 Kg7 43. e4 Kf6 44. e5+ Ke6 45. Ke3 f6 46. exf6
Kxf6 47. Kf4 h6 48. h4 g5+ 49. Kg4 Nb5 50. Bxb5 cxb5 51. h5 Ke6 52. Kf3 Kf5 53.
g4+ Ke6 54. Ke3 Kd6 55. Kd3 Kc6 56. Kc2 Kb6 57. Kb3 Ka5 58. Ka3 Ka6 59. Kb3 Ka5
60. Ka3 1/2-1/2

[Event "16. Copenhagen Open"]
[Site "Copenhagen"]
[Date "1994.??.??"]
[Round "8"]
[White "Neverov, Valery"]
[Black "Ward, Christopher"]
[Result "1-0"]
[WhiteElo "2530"]
[BlackElo "2495"]
[PlyCount "67"]
[EventDate "1994.??.??"]
[EventType "swiss"]
[EventRounds "10"]
[EventCountry "DEN"]
[SourceDate "2004.01.01"]

1. d4 Nf6 2. c4 e6 3. Nc3 Bb4 4. e3 b6 5. Bd3 Bb7 6. Nf3 Ne4 7. O-O f5 8. Ne2
Bd6 9. b3 Qf6 10. Bb2 Nc6 11. Ng3 Bxg3 12. fxg3 Ne7 13. Qc2 Qh6 14. Rae1 O-O
15. Bc1 d6 16. Nd2 Qg6 17. Rf4 e5 18. Rff1 c5 19. dxe5 dxe5 20. Bb2 Nxd2 21.
Qxd2 Rad8 22. Qc3 Nc6 23. Be2 f4 24. exf4 Nd4 25. Bd3 e4 26. Bb1 Rfe8 27. f5
Qg5 28. Qe3 Qh5 29. f6 gxf6 30. Rxf6 Nf3+ 31. gxf3 exf3 32. Re6 Rf8 33. Bf6 Rd4
34. Re5 1-0

[Event "16. Copenhagen Open"]
[Site "Copenhagen"]
[Date "1994.??.??"]
[Round "8"]
[White "Nilsson, Nils Specht"]
[Black "Antreasyan, Erol"]
[Result "1-0"]
[WhiteElo "2260"]
[BlackElo "1900"]
[PlyCount "95"]
[EventDate "1994.??.??"]
[EventType "swiss"]
[EventRounds "10"]
[EventCountry "DEN"]
[SourceDate "2004.01.01"]

1. e4 e5 2. Nf3 Nc6 3. Bb5 a6 4. Ba4 Nf6 5. d3 b5 6. Bb3 Be7 7. a4 Bb7 8. Nc3
b4 9. Nd5 O-O 10. O-O Na5 11. c4 Nxd5 12. cxd5 d6 13. Bd2 c5 14. dxc6 Nxc6 15.
Bd5 a5 16. Be3 Bf6 17. Nd2 Qe7 18. Nc4 Nd8 19. Nb6 Rb8 20. Rc1 Bg5 21. Bxg5
Qxg5 22. Nd7 Ne6 23. Bxe6 fxe6 24. Nxf8 Rxf8 25. Rc7 Ba8 26. Qc1 Qd8 27. Qc2 d5
28. Rc1 dxe4 29. dxe4 Qd4 30. Rc8 Bxe4 31. Rxf8+ Kxf8 32. Qc5+ Kf7 33. Qxd4
exd4 34. f3 Bd5 35. Rc5 Bb3 36. Kf2 Bxa4 37. Ke2 Kf6 38. Kd3 e5 39. Rxa5 Bd7
40. Kc4 Kf5 41. Kxb4 Kf4 42. Kc4 Bf5 43. g3+ Kxf3 44. Rxe5 g6 45. Rxf5+ gxf5
46. Kxd4 Kg2 47. Ke5 Kxh2 48. Kf4 1-0

[Event "16. Copenhagen Open"]
[Site "Copenhagen"]
[Date "1994.??.??"]
[Round "8"]
[White "Petersen, Nils"]
[Black "Isaksen, Brian"]
[Result "1/2-1/2"]
[WhiteElo "2005"]
[BlackElo "2245"]
[PlyCount "20"]
[EventDate "1994.??.??"]
[EventType "swiss"]
[EventRounds "10"]
[EventCountry "DEN"]
[SourceDate "2004.01.01"]

1. Nf3 e6 2. g3 b5 3. Bg2 Bb7 4. O-O c5 5. c3 Nf6 6. d4 Qb6 7. Nbd2 cxd4 8.
cxd4 Nc6 9. Nb3 Be7 10. Be3 d5 1/2-1/2

[Event "16. Copenhagen Open"]
[Site "Copenhagen"]
[Date "1994.??.??"]
[Round "8"]
[White "Pilgaard, Kim"]
[Black "Lyrberg, Patrik"]
[Result "0-1"]
[WhiteElo "2280"]
[BlackElo "2415"]
[PlyCount "60"]
[EventDate "1994.??.??"]
[EventType "swiss"]
[EventRounds "10"]
[EventCountry "DEN"]
[SourceDate "2004.01.01"]

1. e4 e5 2. Nf3 Nc6 3. Bb5 d6 4. d4 Bd7 5. d5 Nb8 6. Bxd7+ Nxd7 7. c4 Be7 8.
Nc3 Ngf6 9. O-O O-O 10. Ne1 Nc5 11. Qe2 a5 12. f3 Nfd7 13. Nc2 Bg5 14. Ne3
Bxe3+ 15. Bxe3 f5 16. exf5 Rxf5 17. b3 Qe7 18. Rab1 Raf8 19. a3 e4 20. Bd4 Qg5
21. Nxe4 Nxe4 22. Qxe4 Ne5 23. Kh1 Qh5 24. Qe2 Rf4 25. Bxe5 dxe5 26. Qd3 Rh4
27. Kg1 Rxh2 28. Qe4 Rf6 29. Kf2 Rf4 30. Qe1 Qxf3+ 0-1

[Event "16. Copenhagen Open"]
[Site "Copenhagen"]
[Date "1994.??.??"]
[Round "8"]
[White "Preuss, Flemming"]
[Black "Roder, Peter"]
[Result "1/2-1/2"]
[WhiteElo "2020"]
[BlackElo "2205"]
[PlyCount "78"]
[EventDate "1994.??.??"]
[EventType "swiss"]
[EventRounds "10"]
[EventCountry "DEN"]
[SourceDate "2004.01.01"]

1. f4 d5 2. Nf3 Nf6 3. g3 c6 4. Bg2 Bg4 5. d3 e6 6. c3 Nbd7 7. Qc2 Qb6 8. Nbd2
Bd6 9. Nh4 O-O-O 10. h3 g5 11. hxg4 gxh4 12. Rxh4 Qg1+ 13. Nf1 Qb6 14. g5 Ne8
15. e4 dxe4 16. Be3 Qa6 17. Bxe4 f5 18. Bf3 Nc7 19. d4 c5 20. a3 cxd4 21. cxd4
Kb8 22. O-O-O Rc8 23. Kb1 Nd5 24. Qb3 N7b6 25. Rh2 Nc4 26. Bc1 Rc6 27. Be2 Rhc8
28. Bxc4 Rxc4 29. Ne3 Nxe3 30. Bxe3 R4c6 31. d5 exd5 32. Qxd5 Bxa3 33. bxa3
Qxa3 34. Qe5+ Ka8 35. Rb2 Ra6 36. Bc5 Qa1+ 37. Kc2 Qa3 38. Kb1 Qa1+ 39. Kc2 Qa3
1/2-1/2

[Event "16. Copenhagen Open"]
[Site "Copenhagen"]
[Date "1994.??.??"]
[Round "8"]
[White "Sinkbk, Aage"]
[Black "Hedman, Erik"]
[Result "1-0"]
[WhiteElo "2220"]
[BlackElo "2285"]
[PlyCount "85"]
[EventDate "1994.??.??"]
[EventType "swiss"]
[EventRounds "10"]
[EventCountry "DEN"]
[SourceDate "2004.01.01"]

1. d4 Nf6 2. c4 e6 3. Nf3 b6 4. g3 Bb4+ 5. Bd2 Be7 6. Nc3 Ba6 7. e4 O-O 8. e5
Ne8 9. Qc2 f5 10. exf6 Nxf6 11. Ne4 Nc6 12. Bd3 Nxe4 13. Bxe4 Rxf3 14. Bxf3
Nxd4 15. Qe4 Nxf3+ 16. Qxf3 Bxc4 17. Bc3 Qf8 18. Qxf8+ Rxf8 19. Bd4 Rf3 20. Be3
d5 21. b3 Ba6 22. O-O-O c6 23. Rd4 Bb5 24. a4 Ba6 25. Rf4 Rxf4 26. Bxf4 Bc5 27.
Be3 Ba3+ 28. Kc2 e5 29. a5 d4 30. axb6 dxe3 31. fxe3 axb6 32. Ra1 Bc5 33. Rxa6
Bxe3 34. Kd3 Bg1 35. h3 Kf7 36. Ke4 Kf6 37. Ra7 h5 38. Rc7 Bf2 39. Rxc6+ Kg5
40. h4+ Kg4 41. Rg6+ Kh3 42. Kf3 Bd4 43. Rg5 1-0

[Event "16. Copenhagen Open"]
[Site "Copenhagen"]
[Date "1994.??.??"]
[Round "8"]
[White "Steinbacher, Matthias"]
[Black "Nordenbaek, Jan"]
[Result "0-1"]
[WhiteElo "2390"]
[BlackElo "2160"]
[PlyCount "76"]
[EventDate "1994.??.??"]
[EventType "swiss"]
[EventRounds "10"]
[EventCountry "DEN"]
[SourceDate "2004.01.01"]

1. d4 Nf6 2. c4 g6 3. Nc3 Bg7 4. e4 d6 5. f3 O-O 6. Be3 e5 7. d5 c6 8. Nge2
cxd5 9. cxd5 Nbd7 10. Qd2 a6 11. a4 Qa5 12. Nc1 Nc5 13. Ra3 Nh5 14. g3 Qd8 15.
a5 f5 16. b4 Nd7 17. Be2 b5 18. axb6 Nxb6 19. exf5 gxf5 20. f4 Nf6 21. fxe5
dxe5 22. Bc5 Re8 23. O-O Kh8 24. Nb3 Nbxd5 25. Nxd5 Qxd5 26. Qxd5 Nxd5 27. Bb5
Rd8 28. Bc6 Rb8 29. Rd1 Be6 30. Na5 Nc7 31. Rad3 Rxd3 32. Rxd3 e4 33. Rd1 Nb5
34. Bxb5 axb5 35. Nc6 Ra8 36. Rd6 Bc4 37. Ne7 Be5 38. Kg2 Be2 0-1

[Event "16. Copenhagen Open"]
[Site "Copenhagen"]
[Date "1994.??.??"]
[Round "8"]
[White "Strange, Mikkel"]
[Black "Jensen, Find"]
[Result "1-0"]
[WhiteElo "2155"]
[BlackElo "1970"]
[PlyCount "77"]
[EventDate "1994.??.??"]
[EventType "swiss"]
[EventRounds "10"]
[EventCountry "DEN"]
[SourceDate "2004.01.01"]

1. e4 d5 2. exd5 Qxd5 3. Nc3 Qa5 4. d4 Nf6 5. Nf3 Bf5 6. Bc4 e6 7. O-O c6 8.
Re1 Bb4 9. Bd2 Nbd7 10. a3 Bxc3 11. Bxc3 Qc7 12. b4 h6 13. Bb2 O-O 14. Bb3 Rfd8
15. Qe2 Qf4 16. h3 Ne4 17. Rad1 Ng5 18. Nxg5 Qxg5 19. Qf3 Nf8 20. c4 Rd7 21. d5
cxd5 22. cxd5 Rad8 23. Rd4 Ng6 24. g4 Nh4 25. Qg3 Bg6 26. d6 Rxd6 27. Rxd6 Rxd6
28. Qxd6 Nf3+ 29. Kf1 Nd2+ 30. Kg2 Nxb3 31. Re3 Nd2 32. Qxd2 Be4+ 33. Kg1 h5
34. Qd4 Bd5 35. Re5 Qg6 36. Rxd5 exd5 37. Kh2 hxg4 38. Qxg4 Qc2 39. Qxg7# 1-0

[Event "16. Copenhagen Open"]
[Site "Copenhagen"]
[Date "1994.??.??"]
[Round "8"]
[White "Stripunsky, Alexander"]
[Black "Hansen, Sune Berg"]
[Result "1-0"]
[WhiteElo "2510"]
[BlackElo "2415"]
[PlyCount "71"]
[EventDate "1994.??.??"]
[EventType "swiss"]
[EventRounds "10"]
[EventCountry "DEN"]
[SourceDate "2004.01.01"]

1. e4 c5 2. c3 e6 3. d4 d5 4. exd5 exd5 5. Be3 cxd4 6. Bxd4 Nh6 7. Nf3 Nf5 8.
Bd3 Nc6 9. Bxf5 Bxf5 10. O-O Be7 11. Bxg7 Rg8 12. Bd4 Qd6 13. Re1 Be4 14. Nbd2
O-O-O 15. g3 f5 16. b4 h5 17. b5 Nxd4 18. Nxd4 Qg6 19. Nxe4 fxe4 20. Rc1 Kb8
21. c4 Bc5 22. cxd5 Rxd5 23. Qb3 Rxd4 24. Rxc5 h4 25. Qc3 Qd6 26. Rh5 hxg3 27.
hxg3 Ka8 28. Kg2 Rf8 29. Qe3 Rb4 30. Rh4 Qd5 31. Reh1 Qe5 32. Rh5 Qf6 33. R1h4
Rb2 34. Rf4 Qg7 35. Qd4 Rxf2+ 36. Qxf2 1-0

[Event "16. Copenhagen Open"]
[Site "Copenhagen"]
[Date "1994.??.??"]
[Round "8"]
[White "Varberg, Kenneth"]
[Black "Borge, Nikolaj"]
[Result "0-1"]
[WhiteElo "2260"]
[BlackElo "2400"]
[PlyCount "78"]
[EventDate "1994.??.??"]
[EventType "swiss"]
[EventRounds "10"]
[EventCountry "DEN"]
[SourceDate "2004.01.01"]

1. c4 Nf6 2. Nc3 g6 3. g3 Bg7 4. Bg2 O-O 5. d3 e5 6. e4 d6 7. Nge2 Nc6 8. O-O
Be6 9. h3 Qd7 10. Kh2 a6 11. b3 b5 12. Nd5 Ne8 13. Bb2 Rb8 14. Rc1 Nd8 15. Qd2
f5 16. exf5 gxf5 17. f4 bxc4 18. dxc4 e4 19. Bxg7 Nxg7 20. Nd4 h5 21. Qa5 c5
22. Nxe6 Ngxe6 23. Qxa6 Nd4 24. Qa5 Kh8 25. Rf2 N8c6 26. Qc3 Qg7 27. Qe3 Rg8
28. Rg1 Rbe8 29. Bh1 Re6 30. Rd2 Rg6 31. Rdd1 Nc2 32. Qc3 N6d4 33. Rd2 e3 34.
Rxd4 cxd4 35. Qxc2 Rxg3 36. Rg2 d3 37. Qc3 Rxg2+ 38. Bxg2 Qxc3 39. Nxc3 e2 0-1